<?xml version="1.0" encoding="UTF-8"?>
<collection xmlns="http://www.loc.gov/MARC21/slim">
  <record>
    <leader>00000nam  2200000   4500</leader>
    <controlfield tag="001">INLIS000000000009337</controlfield>
    <controlfield tag="005">20201022121508</controlfield>
    <datafield tag="035" ind1="#" ind2="#">
      <subfield code="a">0010-1020000093</subfield>
    </datafield>
    <controlfield tag="007">ta</controlfield>
    <controlfield tag="008">201022################g##########0#ind##</controlfield>
    <datafield tag="082" ind1="#" ind2="#">
      <subfield code="a">320.5</subfield>
    </datafield>
    <datafield tag="084" ind1="#" ind2="#">
      <subfield code="a">320.5 Pam d</subfield>
    </datafield>
    <datafield tag="100" ind1=" " ind2="#">
      <subfield code="a">Pamudji</subfield>
    </datafield>
    <datafield tag="245" ind1="1" ind2="#">
      <subfield code="a">Demokrasi Pancasila dan Ketahanan Nasional /</subfield>
      <subfield code="c">Pamudji</subfield>
    </datafield>
    <datafield tag="250" ind1="#" ind2="#">
      <subfield code="a">ed.1</subfield>
    </datafield>
    <datafield tag="260" ind1="#" ind2="#">
      <subfield code="a">Jakarta :</subfield>
      <subfield code="b">Bina Aksara,</subfield>
      <subfield code="c">1981</subfield>
    </datafield>
    <datafield tag="300" ind1="#" ind2="#">
      <subfield code="a">189 hlm. :</subfield>
      <subfield code="b">ilus ;</subfield>
      <subfield code="c">21 cm</subfield>
    </datafield>
    <datafield tag="650" ind1="#" ind2="#">
      <subfield code="a">1. Demokrasi-Pancasila</subfield>
    </datafield>
    <datafield tag="856" ind1="#" ind2="#">
      <subfield code="a">Perpustakaan Lembaga Administrasi Negara</subfield>
    </datafield>
    <datafield tag="990" ind1="#" ind2="#">
      <subfield code="a">19621</subfield>
    </datafield>
  </record>
</collection>
